|
|
|
|
| LEADER |
00000cam a22000004a 4500 |
| 001 |
musev2_28889 |
| 003 |
MdBmJHUP |
| 005 |
20230905043047.0 |
| 006 |
m o d |
| 007 |
cr||||||||nn|n |
| 008 |
140228s2014 xx o 00 0 eng d |
| 020 |
|
|
|a 9781602587502
|
| 020 |
|
|
|z 9781481301961
|
| 020 |
|
|
|z 9781481300308
|
| 020 |
|
|
|z 9781481301985
|
| 035 |
|
|
|a (OCoLC)871258345
|
| 040 |
|
|
|a MdBmJHUP
|c MdBmJHUP
|
| 100 |
1 |
|
|a Whitlark, Jason A.
|
| 245 |
1 |
0 |
|a Interpretation and the Claims of the Text :
|b Resourcing New Testament Theology
|
| 264 |
|
1 |
|b Baylor University Press,
|c 2014.
|
| 264 |
|
3 |
|a Baltimore, Md. :
|b Project MUSE,
|c 2014
|
| 264 |
|
4 |
|c ©2014.
|
| 300 |
|
|
|a 1 online resource (327 pages).
|
| 336 |
|
|
|a text
|b txt
|2 rdacontent
|
| 337 |
|
|
|a computer
|b c
|2 rdamedia
|
| 338 |
|
|
|a online resource
|b cr
|2 rdacarrier
|
| 505 |
0 |
|
|a Cover; Half Title Page, Title Page, Copyright; Contents; Preface; 1. Interpreting the Claims of the New Testament: The Life and Scholarship of Charles H. Talbert; Claims about God; 2. The God Who Raised Jesus from the Dead: Toward a Theology of Resurrection; 3. The "Glory of God" in Paul's Letter to the Romans; Claims about the Human Condition; 4. "The World Was My Oyster But I Used the Wrong Fork" (Oscar Wilde): The Parable of the Pearl; 5. The Problem of Evil in the Gospel of John; 6. Placing Pain in a Pauline frame: Considering Suffering in Romans 5 and 8.
|
| 505 |
0 |
|
|a Claims about Creation and Human Destiny7. Endzeit als Urzeit :Mark and Creation Theology; 8. Conformed to the Image of God's Own Son: The Goal of God's Redemptive Plan according to the Paul; 9. Cosmology and the Perfection of Humanity in Hebrews; Claims about the Christian Community; 10. Luke and the Heritage of Israel; 11. The Love of God (Romans 5:5): Expansive Syntax and Theological Polyvalence; 12. Diakonia, The Ephesian Comma, and the Ministry of All Believers; 13. The Living Resources of Early Christology: Papias and the Gospel of Mark; Claims about Empire.
|
| 505 |
0 |
|
|a 14. The Question of the State and the State of the Question: The Roman Empire and New Testament TheoNotes; Bibliography; List of Contributors; Index of Primary Sources; Index of Modern Authors.
|
| 520 |
|
|
|a Forming a doctrine of the New Testament.
|
| 546 |
|
|
|a English.
|
| 588 |
|
|
|a Description based on print version record.
|
| 630 |
0 |
7 |
|a Bible.
|p New Testament.
|2 fast
|0 (OCoLC)fst01808090
|
| 630 |
0 |
0 |
|a Bible.
|p New Testament
|x Theology.
|
| 650 |
|
7 |
|a Theology.
|2 fast
|0 (OCoLC)fst01149559
|
| 655 |
|
7 |
|a Electronic books.
|2 local
|
| 710 |
2 |
|
|a Project Muse.
|e distributor
|
| 830 |
|
0 |
|a Book collections on Project MUSE.
|
| 856 |
4 |
0 |
|z Texto completo
|u https://projectmuse.uam.elogim.com/book/28889/
|
| 945 |
|
|
|a Project MUSE - Custom Collection
|
| 945 |
|
|
|a Project MUSE - 2014 Philosophy and Religion
|
| 945 |
|
|
|a Project MUSE - 2014 Complete
|